000 00602nam a2200217Ia 4500
003 OSt
005 20220928151019.0
006 a|||||r|||| 00| 0
007 ta
008 220927b |||||||| |||| 00| 0 eng d
024 _a104245
037 _cTextual
040 _aSDCL
_cSDCL
_beng
041 _2eng
_aeng
082 _aX:8:(D6,8(B),2775), P2
100 _aRowan Will
_9516294
245 0 _aDigital marketing
_b Using new technologies to get closer to your custmors
260 _c2002
942 _hX:8:(D6,8(B),2775), P2
_cTEXL
_2CC
999 _c847410
_d847410